000 00541nam a2200193Ia 4500
003 GCL
008 140319s9999 xx 000 0 ara d
040 _aGCL /
_cGCL
082 0 4 _aق
_b962.1
_bم م
100 1 _aمحمد صبحى عبدالحكيم
245 1 0 _aمدينة الاسكندرية /
_cمحمد صبحى عبدالحكيم
300 _a382 ص
490 _a
650 0 4 _aتاريخ
650 0 4 _aالاسكندرية
650 0 4 _aترعة المحمودي
650 0 4 _aترعة المحمودية
942 _2ddc
_cBK
999 _c45269
_d45269